Návrh stolového dekoratívneho biokrbu

Saved in:
Bibliographic Details
Main Author: Divinský, Lukáš (Author)
Other Authors: Šimeková, Beáta (Thesis advisor)
Format: Manuscript Book
Language:Slovak
Published: 2018
Subjects:
Online Access:http://is.stuba.sk/zp/portal_zp.pl?podrobnosti=106257
Tags: Add Tag
No Tags, Be the first to tag this record!

MARC

LEADER 00000ntm a22000003a 4500
001 stuzp69822
003 SK-STU
005 20180820161800.4
007 ta
008 150427s2015----xo-----f-mn---000-0-slo-d
040 |a STU  |b slo 
041 0 |a slo 
100 1 |a Divinský, Lukáš  |u 063000  |4 aut  |U MTF Materiálovotechnologická fakulta  |T MTF Ústav výrobných technológií  |X 71952  |U M3000  |Y 83  |7 71952 
242 0 1 |a Design of table decorative biofire  |y eng 
245 1 0 |a Návrh stolového dekoratívneho biokrbu 
260 |c 2018 
650 4 |a CAD  |2 slo 
650 4 |a CAM  |2 slo 
650 4 |a model  |2 slo 
650 4 |a design  |2 slo 
650 4 |a CAD  |2 eng 
650 4 |a CAM  |2 eng 
650 4 |a model  |2 eng 
650 4 |a design  |2 eng 
700 1 |a Šimeková, Beáta  |u 063000  |k Z2  |4 ths  |U MTF Materiálovotechnologická fakulta  |T MTF Ústav výrobných technológií  |X 10058  |U M3000  |Y 83  |7 A000010058 
856 4 |u http://is.stuba.sk/zp/portal_zp.pl?podrobnosti=106257 
996 |c M* BP-8350  |l MMSKP  |s P  |a 0  |w stuzp69822_0001